[Event "Corund Ceramica op 2nd"]
[Site "Corund"]
[Date "2016.09.18"]
[Round "6"]
[White "Biro, Csaba"]
[Black "Puskas, Andras"]
[Result "1/2-1/2"]
[WhiteElo "1901"]
[BlackElo "2095"]
[PlyCount "118"]
[EventDate "2016.09.14"]
[EventType "swiss"]
[EventRounds "7"]
[EventCountry "ROU"]
[SourceTitle "CBM 174 Extra"]
[Source "ChessBase"]
[SourceDate "2016.10.10"]
[SourceVersion "1"]
[SourceVersionDate "2016.10.10"]
[SourceQuality "1"]

1. d4 d5 2. c4 c6 3. Nf3 Nf6 4. Bf4 Bf5 5. e3 e6 6. a3 Nbd7 7. Nc3 Be7 8. Bd3 Bxd3 9. Qxd3 0-0 10. h3 Re8 11. c5 Bxc5 12. dxc5 e5 13. Nxe5 Nxe5 14. Qd4 Nfd7 15. 0-0 Qf6 16. Rad1 Qg6 17. Bg3 f5 18. Ne2 Re7 19. Kh2 Rae8 20. b3 Qh6 21. Kg1 Nf6 22. Qf4 Qxf4 23. Bxf4 Ne4 24. Ng3 Nxg3 25. Bxg3 Nf7 26. Rd4 Re4 27. Rfd1 g5 28. b4 a6 29. Kf1 Kg7 30. Bc7 Kf6 31. a4 R8e7 32. Ba5 Rxd4 33. exd4 Re4 34. b5 axb5 35. axb5 Kg6 36. bxc6 bxc6 37. f3 Re6 38. Rb1 f4 39. Bc7 Re7 40. Bb8 h5 41. Rb6 Re6 42. Rb7 Kf6 43. h4 gxh4 44. Bxf4 Re7 45. Rb8 Kf5 46. Bd2 Re6 47. Rf8 Kg6 48. Be1 Kg7 49. Rc8 h3 50. gxh3 Ng5 51. f4 Nxh3 52. Bg3 Nxf4 53. Bxf4 Rf6 54. Kg2 Rxf4 55. Rxc6 Rxd4 56. Rd6 Kf7 57. c6 Rd2+ 58. Kh3 Ke7 59. c7 Rc2 1/2-1/2

[Event "Corund Ceramica op 2nd"]
[Site "Corund"]
[Date "2016.09.18"]
[Round "7"]
[White "Goczo, Melinda"]
[Black "Biro, Csaba"]
[Result "1-0"]
[WhiteElo "2165"]
[BlackElo "1901"]
[PlyCount "55"]
[EventDate "2016.09.14"]
[EventType "swiss"]
[EventRounds "7"]
[EventCountry "ROU"]
[SourceTitle "CBM 174 Extra"]
[Source "ChessBase"]
[SourceDate "2016.10.10"]
[SourceVersion "1"]
[SourceVersionDate "2016.10.10"]
[SourceQuality "1"]

1. d4 d5 2. Nf3 Nf6 3. g3 Bf5 4. Bg2 e6 5. 0-0 Bd6 6. c4 c6 7. Nc3 0-0 8. Qb3 Qc8 9. Nd2 Nbd7 10. Rd1 Bc7 11. e4 dxe4 12. Ndxe4 Rb8 13. Bg5 Nxe4 14. Nxe4 f6 15. Be3 Kh8 16. d5 cxd5 17. cxd5 exd5 18. Qxd5 Bxe4 19. Qxe4 Re8 20. Qh4 Ne5 21. Rac1 Rd8 22. Bxa7 Rxd1+ 23. Rxd1 Ra8 24. Bd4 Qd7 25. Rc1 Ra4 26. Be4 g5 27. Qh6 Rxd4 28. Qf8# 1-0

[Event "Corund Ceramica op 2nd"]
[Site "Corund"]
[Date "2016.09.17"]
[Round "5"]
[White "Lyell, Mark"]
[Black "Biro, Csaba"]
[Result "1-0"]
[WhiteElo "2193"]
[BlackElo "1901"]
[PlyCount "39"]
[EventDate "2016.09.14"]
[EventType "swiss"]
[EventRounds "7"]
[EventCountry "ROU"]
[SourceTitle "CBM 174 Extra"]
[Source "ChessBase"]
[SourceDate "2016.10.10"]
[SourceVersion "1"]
[SourceVersionDate "2016.10.10"]
[SourceQuality "1"]

1. e4 d5 2. exd5 Nf6 3. d4 Nxd5 4. c4 Nb6 5. c5 Nd5 6. Bc4 c6 7. Nc3 g6 8. Qb3 e6 9. Ne4 Be7 10. Nf3 0-0 11. Bh6 Re8 12. h4 Nd7 13. h5 N7f6 14. Nxf6+ Bxf6 15. hxg6 hxg6 16. 0-0-0 b6 17. Ne5 Bg5+ 18. Kb1 Bxh6 19. Rxh6 Qg5 20. Rh8+ 1-0